[Event "ROM-ch U08 Girls"]
[Site "Baile Felix"]
[Date "2017.02.06"]
[Round "6"]
[White "Moraru, Ana Alina"]
[Black "Stefan, Iulia Cristiana"]
[Result "0-1"]
[WhiteElo "1001"]
[BlackElo "1205"]
[PlyCount "68"]
[EventDate "2017.02.02"]
[EventType "swiss"]
[EventRounds "9"]
[EventCountry "ROU"]
[SourceTitle "CBM 176 Extra"]
[Source "ChessBase"]
[SourceDate "2017.03.02"]
[SourceVersion "1"]
[SourceVersionDate "2017.03.02"]
[SourceQuality "1"]

1. d4 d5 2. Nf3 Bf5 3. e3 e6 4. Be2 c6 5. b3 Nf6 6. Bb2 Nbd7 7. 0-0 Be7 8. h3 0-0 9. Bd3 Bg6 10. Ne5 Re8 11. Nxg6 hxg6 12. Re1 Qc7 13. f3 Rad8 14. e4 dxe4 15. fxe4 Qg3 16. e5 Nd5 17. c4 Nf4 18. Bf1 Bh4 19. Bc3 Nxh3+ 20. Kh1 Nf2+ 21. Kg1 Nxd1 22. Rxd1 Rf8 23. Be1 Qg4 24. Rc1 Bxe1 25. Rxe1 f6 26. Be2 Qg3 27. Rc1 fxe5 28. Rc3 Qf2+ 29. Kh1 Qxe2 30. Rg3 Rf1+ 31. Kh2 Qh5+ 32. Rh3 Qg4 33. a4 Rf2 34. Nc3 Qxg2# 0-1